Vývoj potravín brzdí diskont
Barometer elektronického obchodovania. Online zákazníci v jednotlivých štátoch EÚ. Fungovanie online nákupu potravín v rámci Európy. Dobierka stále vedie.
Gespeichert in:
| 1. Verfasser: | |
|---|---|
| Format: | Buchkapitel |
| Sprache: | Slowakisch |
| Schlagworte: | |
| Tags: |
Keine Tags, Fügen Sie das erste Tag hinzu!
|
MARC
| LEADER | 00000naa$a2200000$$$4500 | ||
|---|---|---|---|
| 001 | 0078371 | ||
| 005 | 20231128093252.1 | ||
| 041 | 0 | |a slo | |
| 044 | |a SK | ||
| 245 | 1 | 0 | |a Vývoj potravín brzdí diskont |c Andrea Hinková-Dibarborová |
| 520 | |a Barometer elektronického obchodovania. Online zákazníci v jednotlivých štátoch EÚ. Fungovanie online nákupu potravín v rámci Európy. Dobierka stále vedie. | ||
| 610 | 2 | 0 | |a obchod elektronický |
| 610 | 2 | 0 | |a Európa |
| 610 | 2 | 0 | |a zákazníci |
| 100 | 1 | |a Hinková-Dibarborová, Andrea | |